An introduction to Islamic finance

Bibliographic Details
Other Authors: Sheikh Ghazali Sheikh Abod, Syed Omar Syed Agil
Format: Book
Published: Kuala Lumpur : Quill Publishers , 1992
Subjects:

MARC

LEADER 00000cam a2200000 7i4500
001 0000000577
002 000000668
005 20000330.0
020 |a 9839640097 
090 0 0 |a 297.19785   |b INT 
245 0 3 |a An introduction to Islamic finance   |c edited by Syeikh Ghazali Sheikh Agil, Aidit Hj. Ghazali 
260 |a Kuala Lumpur :   |b Quill Publishers ,   |c 1992 
300 |a 411p. ;   |c 23cm. 
650 0 0 |a Economics   |x Religious aspects   |x Islam 
700 0 |a Sheikh Ghazali Sheikh Abod 
700 0 |a Syed Omar Syed Agil 
999 |a 030608   |b BUKU   |c PINJAMAN   |e PERPUSTAKAAN KOMUNITI PETALING JAYA